Diagnóstico del uso y aprovechamiento de vegetación acuática en la laguna de Fúquene (Registro nro. 5834)

Detalles MARC
000 -CABECERA
Campo de control 01734nam a2200253 a 4500
005 - FECHA Y HORA DE LA ULTIMA TRANSACCION
Campo de control 20150814020002.0
008 - ELEMENTOS DE LONGITUD FIJA—INFORMACION GENERAL
Campo de control 140128b2006 ck ||||| |||| 00| 0 spa d
040 ## - FUENTE DE CATALOGACIÓN
Agencia transcriptora CO-BoIH
041 ## - IDIOMA
Código de idioma para texto/pista de sonido o título separado Español
044 ## - PAÍS DE PUBLICACIÓN
País de publicación Colombia
090 ## - CLASIFICACIÓN LOCAL
Colección IAVH
Consecutivo 00855
100 ## - ASIENTO PRINCIPAL--NOMBRE PERSONAL
Nombre personal Vieira, María Isabel
245 ## - MENCION DE TITULO
Título Diagnóstico del uso y aprovechamiento de vegetación acuática en la laguna de Fúquene
260 ## - PUBLICACION, DISTRIBUCION, ETC. (PIE DE IMPRENTA)
Lugar de publicación, distribución, etc. Bogotá
Nombre del editor, distribuidor, etc. Instituto Alexander von Humboldt
-- Fundación Humedales
Fecha de publicación, distribución, etc. 2006
300 ## - DESCRIPCION FISICA
Extensión 36 p.
520 ## - NOTA DE RESUMEN, ETC.
Nota de resumen Este diagnóstico presenta los resultados obtenidos a través del análisis del socio ecosistema a través del DRP con la participación de la comunidad local representada en asociaciones de artesanos y artesanos independientes. Los objetivos principales de este diagnóstico fueron: 1) identificar las zonas de extracción de junco y enea, definiendo las clasificaciones locales de éstos lugares. 2) Establecer generalidades a nivel socioeconómico de la población extractora, artesana y comerciante. 3) Analizar el uso de las especies palustres (junco y enea) en relación a la problemática y a las necesidades sentidas. 4) Identificar intereses colectivos en cuanto al manejo del recurso en diferentes niveles (social, ambiental y económico). 5) Determinar prioridades en las acciones de desarrollo y 6) Identificar actores claves (personas e instituciones) que generen nuevas y mejores oportunidades a la comunidad artesanal de la Laguna de Fúquene
650 ## - ASIENTO SECUNDARIO DE MATERIA - TERMINO TEMATICO
Término temático o nombre geográfico como elemento de entrada Diagnóstico
650 ## - ASIENTO SECUNDARIO DE MATERIA - TERMINO TEMATICO
Término temático o nombre geográfico como elemento de entrada Aprovechamiento
650 ## - ASIENTO SECUNDARIO DE MATERIA - TERMINO TEMATICO
Término temático o nombre geográfico como elemento de entrada Vegetación acuática
662 ## - ASIENTO SECUNDARIO DE MATERIA - JERARQUIA DEL NOMBRE DE LUGAR(
País o entidad mayor Colombia
Jurisdicción política intermedia Laguna de Fúquene
700 ## - ASIENTO SECUNDARIO - NOMBRE PERSONAL
Nombre personal Hernández Barrero, Sandra
942 ## - ELEMENTOS ADICIONALES (KOHA)
Tipo de ítem Informe Técnico
Sistema de clasificación Local
Koha issues (borrowed), all copies 3
945 ## - PROCESAMIENTO LOCAL
AAAA-MM-DD - Fecha de ingreso o modificacion 2008-06-17
Existencias
Withdrawn status Lost status Sistema de Clasificación Damaged status No para préstamo Colección Inventariado Ubicación Permanente Ubicación actual Fecha de adquisición Fuente de Valor Total Checkouts Número topográfico Inventario / Código de Barras Date last seen Date checked out Ejemplar Price effective from Forma de adquisición Tipo de material
    Local     Humboldt Inventariado 2017 Bogotá Bogotá 17/06/2008 CID Humboldt 3 IAVH-00855 026057 09/08/2024 13/08/2015 Ej. 1 04/12/2012   Informe Técnico